Nociones de álgebra y trigonometría

Gespeichert in:
Bibliographische Detailangaben
1. Verfasser: Sin Autor
Format: keine Angabe
Sprache:Spanisch
Erschienen: Barcelona Bruño s.d.
Katalog:MANES:  Suchergebnis im Bibliothekskatalog
Schulbuchspezifische Eigenschaften:
Tags: Tag hinzufügen
Keine Tags, Fügen Sie den ersten Tag hinzu!
Hinzugefügt zu:26.04.2016

MARC

LEADER 000000000a22000000004500
001 19037
003 OSt
008 160427s sp ||||| |||| 00| 0 spa d
041 1 |a spa 
040 |c centro_manes 
691 0 |a SE 
100 1 |a Sin Autor  |9 11994 
245 0 0 |a Nociones de álgebra y trigonometría 
260 3 |a Barcelona  |b Bruño  |c s.d. 
300 |a 78p.  |c 12 * 17 cm 
500 |a ILUSTRACIONES: No contiene. ENCUADERNACIÓN: Cartoné. DESCRIPCIÓN CONTENIDO: Algebra y trigonometría. PALABRAS CLAVE: Algebra. Trigonometría. NéMERO EJEMPLARES: 1. Nº TOPOGRÁFICO: 3543. CONSERVACIÓN: Buena. 
690 0 |a MATE 
942 |2 ddc  |c BK 
546 |a España 
999 |c 25005  |d 25005 
999 |c manes:25005  |d 25005